000 00374cam a22001337a 4500
008 180718b1978 xxu||||| |||| 00| 0 eng d
082 _aI241x42 K992
100 _aKynaston, David
245 _aSecretary of state
_cby David Kynaston
260 _aLavenham
_bTerence Dalton
_c1978
300 _a177p.
650 _aU.K. - Secretary of state
650 _aPrime ministres - U.K.
999 _c349011
_d349011